000
00486nam a2200181Ia 4500
008
090123s9999 xx 000 0 und d
082
_b
39502
100
_a
कदम अनंत
245
_a
त्रांगडे
250
_a
1
260
_b
अनघा प्रकाशन
_c
2006
300
_a
360
600
_a
कदम अनंत
630
_a
त्रांगडे
700
_a
कदम अनंत
730
_a
त्रांगडे
942
_c
BOOK
999
_c
77568
_d
77568